Score 0/12 Timer 03:00
4 Plays Today
Question Answer Wrong Answers
U.S. Presidents John (Kennedy)
85.8%
Richard (Nixon)
7.8%
Cartoon Cats Felix
83.2%
Garfield
10.4%
Looney Tunes Characters Sylvester
82.4%
Elmer
10.8%
Beatles Members Paul (McCartney)
82.2%
George (Harrison)
11.2%
Peanuts Characters Linus
80.9%
Charlie
12.4%
Rocky Characters Adrian
78.7%
Rocky
14.6%
Stand-Up Comedians Martin (Lawrence)
77.2%
Eddie (Murphy)
16%
U.S. Holidays Valentine
72.1%
Patrick
21.5%
Chipmunks Characters Theodore
71.3%
Alvin
22.1%
Star Wars Characters Lando
70.9%
Han
22.7%
Zodiac Signs Leo
60.8%
Virgo
32.6%
Greek Gods Dionysius
59.4%
Hermes
34%
Remove Ads.
Support Sporcle.
Get the best of Sporcle when you Go Orange. This ad-free experience offers more features, more stats, and more fun while also helping to support Sporcle. Thank you for becoming a member.

You're not logged in!

Compare scores with friends on all Sporcle quizzes.
OR
Log In

Show Comments

Extras

Top Quizzes Today


Score Distribution

Your Account Isn't Verified!

In order to create a playlist on Sporcle, you need to verify the email address you used during registration. Go to your Sporcle Settings to finish the process.

Report this User

Report this user for behavior that violates our Community Guidelines.

Details: